Quizzes
Events
Quiz Creation
Community
Videos
Private Events
Remove Ads
Sign In
Join for FREE
Feedback
Dark Mode
Quiz Categories
Sports
Geography
Music
Movies
Television
Just For Fun
Miscellaneous
History
Literature
Language
Science
Gaming
Entertainment
Religion
Holiday
For Kids
Quiz Lab
Recent
Popular Today
Quiz Kudos Today
Editor Picks
Curator Picks
Quizzes by...
Day
Popularity
Type
Ratings
Length
Year
Community
Subscriptions
Recent Discussions
Orange Saloon
Badges
Playlists
Quests
Create
Leaderboards
Showdown
Live 5
Trivia Bingo
Activity
Puzzle Library
Sporcle Events
Private Events
Virtual Trivia
Globe League
Become a Host
Pub Owners
SporcleCon
Opinionation
Our Games
Videos
Blog
Mobile Apps
Partnerships
Remove Ads and Go Orange
Feedback
Gaming
Video Games
Board Games
Card Games
Pokémon
Mario
Nintendo
Minecraft
Console
Toys
Legend of Zelda
Gaming
Video Games
Board Games
Card Games
Pokémon
Mario
Nintendo
Minecraft
Console
Toys
Legend of Zelda
Random Quiz
Search Sporcle
×
Quiz Lab
Quiz Lab
Gaming
mass
Type in answers that appear in a list
Type in answers that appear in a list
Classic
Best Score? Go Orange.
Mass Effect 1 Characters (images) Stats
Can you name the Mass Effect 1 Characters by their pictures?
By
MackSalmon
7m
40 Questions
1,626 Plays
1,626 Plays
1,626 Plays
Comments
Comments
Give Quiz Kudos
Give Quiz Kudos
-
- Ratings
hide this ad
More Info
Forced Order
Answers have to be entered in order
Answers have to be entered in order
Replay
Link that replays current quiz
Next Quiz
Link to next quiz in quiz playlist
You Got
0%
They Got
Avg Score
50%
Avg Friend Score
Upgrade to see
Score Distribution
Jump to the score distribution portion of the page
Score
0/40
Timer
07:00
0
Plays Today
Number
Character
% Correct
1
Ashley Willams
98.7%
3
Garrus Vakarian
97.5%
6
Urdnot Wrex
96.6%
4
Tali'Zorah nar Rayya
96.4%
8
Jeff 'Joker' Moreau
96.4%
2
Kaidan Alenko
95.1%
5
Liara T'Soni
95%
7
Captain Anderson
93.6%
12
Saren Arterius
89.9%
9
Ambassador Udina
87.4%
10
Doctor Chakwas
83.5%
14
Sovereign
82.9%
13
Matriarch Benezia
82%
17
Avina
66.7%
15
The Thorian
65.9%
16
Nihlus Kryik
62.9%
11
Navigator Pressly
62.6%
24
Conrad Verner
54%
35
Rachni Queen
48.7%
28
Richard L. Jenkins
43.2%
Number
Character
% Correct
23
Emily Wong
39.3%
34
Vigil
38.8%
22
Sha'ira
34.9%
18
Khalisah al-Jilani
31.8%
27
Gianna Parasini
30.7%
30
Fist
28.5%
21
Admiral Kahoku
22.5%
40
Engineer Adams
21.5%
37
Septimus Oraka
17.7%
29
Fai Dan
17.5%
26
Maeko Matsuo
16.9%
19
Nassana Dantius
16.8%
39
Jenna
15.6%
36
Chorban
14.3%
25
Lizbeth Baynham
13.8%
20
Chellick
12.7%
31
Administrator Anoleis
11.7%
38
Kaira Stirling
8%
33
Arcelia Silva Martinez
7.5%
32
Ian Newstead
5.2%
Quiz Playlist
Details
Report
Send in Message
Add To Playlist
More Info:
I will probably do a Mass Effect 2 Characters quiz sometime.
Classic:
Type in answers that appear in a list
Forced Order:
Answers have to be entered in order
Last Updated: Jan 18, 2018
Quiz Scoreboard
CHALLENGE
Sign Up to Join the Scoreboard
Show All
Scores
Hide
Comments
May contain spoilers
Recently Published
1-10 Letter E Words III
by El_Dandy
Language
2m
One Thing in Common: World Cities II
by knightlancer
Geography
7m
Popular People in 1961
by mucciniale
History
6m
More to Explore
Quiz From the Vault
Featured Blog Post
Where Did the Easter Bunny Come From?
hide this ad
You Might Also Like...
Tags
Character
Characters
effect
Image Quiz
mass
Mass Effect
Today's Top Quizzes in Gaming
Browse Gaming
hide this ad
Today's Top Quizzes in mass
Browse mass
Top Contributed Quizzes in Gaming
1
Destiny 2 exotic weapons by perk icons
2
Who's on the WWE 2K24 Cover?
3
Windmill: Pokémon
4
Genshin Impact Logic Puzzle
5
Overwatch 2: Ultimate Ability Icons
6
Overwatch 2 Heroes by Selection Quote
7
Genshin murder mystery
8
Legendary or Exotic?
9
Overwatch Logic Puzzle
10
Genshin Impact Logic Puzzle Quiz II
Explore More
Trending Topics
Disney
Crossword
Harry Potter
Anime
Marvel
NBA
Kpop
The Office
Soccer
Pokémon
NFL
Song
WWE
Puzzle
Country
hide this ad
More By:
MackSalmon
Quiz
Plays
Rating
Category
Featured
Created
Game of Thrones Characters
365,185
4.57
Television
Jun 28, 2011
Glee Characters
252,820
3.95
Television
Dec 9, 2010
The Office Characters (US)
249,332
4.13
Television
Jul 7, 2010
Star Wars Characters by Picture
189,640
4.61
Movies
Feb 25, 2011
LOTR Characters by Image
146,405
4.51
Movies
Dec 31, 2010
Go to Creator's Profile
Score Distribution
Quiz Creator Spotlight
MackSalmon
Follow
Send a Message
Quizzes Created
-
Created Quiz Play Count
-
More By This Creator
Popular Quizzes Today
1
Find the US States - No Outlines Minefield
2
The Countries of the World
3
Popular People in 1961
4
Find the Countries of Europe - No Outlines Minefield
5
1-10 Letter E Words III
6
Find the US States
7
One Thing in Common: World Cities II
8
US States
More Gaming Quizzes
Heroes of the Storm by Basic Abilities
Quiz Lab
Trending Quizzes
1-10 Letter F Words
One Thing in Common: Music
1-10 Letter G Words
Risky Map Clicking: Next State Alphabetically
1-10 Letter F Words II
Recently Updated
Leaping Animals
pecheneg
Reality TV Shows (A-Z)
bhenderson79
Rickey Henderson's Hall of Fame Teammates
pecheneg
Champions League XIs: Arsenal
pecheneg
Quick Pick: Celebrities in WWE's Hall of Fame
aduchscher
A-Z Keypad Blitz II
pecheneg
Multiple Oscar Actors
pecheneg
Mystery Phrase Blitz: Oscar 'Best Actors'
pecheneg
F. Scott Fitzgerald Novels
LTH
Pick 3 Villains
ddd62291
Trending Topics
Marvel
NBA
Disney
Harry Potter
Anime
Crossword
Kpop
Puzzle
The Office
NFL
Pokémon
Soccer
Country
Song
WWE
Your Account Isn't Verified!
In order to create a playlist on Sporcle, you need to verify the email address you used during registration. Go to your
Sporcle Settings
to finish the process.
Report this User
Report this user for behavior that violates our
Community Guidelines
.
Details:
Send Report
Go to the Sporcle.com Mobile Site →
Comments